01425nam a2200313 i 4500003000900000005001700009007000300026008004100029020001800070040003000088082001700118111013400135245007800269264004500347300008600392336002700478337003300505338002800538590002900566700005700595710006100652710005300713710009200766710006300858910001400921942001400935952014500949999001701094DO-SdBNP20250313105301.0ta250313b2009 dr o | 000 0 spa d a9789993484448 aDO-SdBNPbspacBNPHUerda 4axxxbxxx222 aColoquio taller "Cuba: realidad y perspectivas"c(Santo Domingo, República Dominicanaddel 20 al 24 de agosto de 2008: )97744210aCuba: "realidad y perspectivas" /cprólogo, Gilberto García Valencia  1aSanto Domingo :bEditora Dialogo,c2009. a277 páginasa[8] páginas laminadas con fotografías bfotografíasc23 cm.  atextobtxt2rdacontent asin mediaciónbn2rdamedia avolumenbnc2rdacarrier aInventariado, 2025/ YL 1 aGarcía Valencia, Gilbertoeprólogo9815074prol. aCentro de Documentación e Información (CEDOF)987192 aSolidaridad de Trabajadores de Cuba (STC)987193 aInstituto Nacional de Formación Agraria y Sindical "Porfirio Zarzuela" (INFAS)987194 aConfederación Autónoma Sindical Clasista (CASC)987195 aYLockward 2ddccLBS1 00102ddc51708PDaBNPHUbBNPHUcCTd2024-10-23eDonado por Leopoldo Polancol0oBNPHU PD xxx xxxp2025-1831r2025-03-13w2025-03-13yLBS1 c58416d58416